000 00527 a2200157 4500
003 OSt
005 20250610120928.0
008 250531b |||||||| |||| 00| 0 eng d
020 _a9789351199311
040 _coclc
082 _a004.678
_bDTE/B
245 _aBig data :Black Book
_bCovers Hadoop 2, MapReduce, Hive, Yarn, Pig, R and Data visualization /
_cDT Editorial services
260 _aNew Delhi:
_bDreamtech Press
_c2016
300 _a972 pages
942 _2ddc
_cBK
_h004.678
_iDTE/B
_k004.678
_mDTE/B
999 _c44527
_d44527